Interpolirovanie tablichnykh funktsii mnogikh peremennykh.
Guardado en:
| Autor Principal: | |
|---|---|
| Otros Autores: | |
| Formato: | Libro |
| Idioma: | Russian |
| Publicado: |
1963.
|
| Materias: | |
| Etiquetas: |
Agregar Etiqueta
Sin Etiquetas, Sea el primero en etiquetar este registro!
|
| LEADER | 00702cam a2200229ua 4500 | ||
|---|---|---|---|
| 001 | MAT.inmabb005651 | ||
| 008 | 830825s1963####xx#a##########000#0#ruso# | ||
| 005 | 20170522174010.0 | ||
| 245 | 1 | 0 | |a Interpolirovanie tablichnykh funktsii mnogikh peremennykh. |
| 260 | |c 1963. | ||
| 300 | |a 74 p. : |b il. ; |c 22 cm. | ||
| 500 | |a Romanized. | ||
| 510 | 4 | |a MR, |c 28 #3524 | |
| 100 | 1 | |a Ulanovskii, V. P. [from old catalog]. | |
| 700 | 1 | |a Khovanskii, G. S. [from old catalog]. | |
| 650 | 0 | |a Interpolation. | |
| 650 | 0 | |a Nomography (Mathematics) [from old catalog] | |
| 650 | 0 | |a Mathematics |v Tables. | |
| 084 | |a 65.20 |2 MR | ||
| 010 | |a 64043795 | ||
| 040 | |a DLC |c CarP |d DLC | ||
| 859 | |h 65 |i Ul36 |p A-3161 |b BIB. MATEMATICA | ||
